Marketingový projekt na vybraný produkt - softvérová koordinácia stavebných projektov bakalárska práca

Enregistré dans:
Détails bibliographiques
Auteur principal: Krajmerová, Miriama
Collectivité auteur: Obchodná fakulta EU. Katedra marketingu
Autres auteurs: Filo, Peter
Format: Livre
Langue:slovaque
Publié: Bratislava 2017
Tags: Ajouter un tag
Pas de tags, Soyez le premier à ajouter un tag!

MARC

LEADER 00000nbm a2200000 4500
001 0232884
005 20170920133338.6
041 0 |a slo 
044 |a SK 
245 1 0 |a Marketingový projekt na vybraný produkt - softvérová koordinácia stavebných projektov  |b bakalárska práca  |c Miriama Krajmerová ; školiteľ: Peter Filo 
264 1 |a Bratislava  |c 2017 
300 |a 45 s. 
100 1 |a Krajmerová, Miriama 
700 1 |a Filo, Peter 
710 2 |a Obchodná fakulta EU. Katedra marketingu